000 00249nam a22001217a 4500
003 SGT
082 _a658
_bKUM
100 _aKUMAR, ASEEM
245 _aEXPORT AND IMPORT MANAGEMENT
260 _bPHI LEARNING
_c2007
300 _a317
942 _2ddc
_cBK
999 _c15320
_d15320